La sonora libertad del viento : (Record no. 2692)
[ view plain ]
| 000 -CABECERA | |
|---|---|
| campo de control de longitud fija | 01002cam a2200253 a 4500 |
| 001 - NÚMERO DE CONTROL | |
| campo de control | 000002858 |
| 005 - FECHA Y HORA DE LA ÚLTIMA TRANSACCIÓN | |
| campo de control | 20200929150255.0 |
| 008 - DATOS DE LONGITUD FIJA--INFORMACIÓN GENERAL | |
| campo de control de longitud fija | 971215s1997 mx a b 001 0 spa d |
| 020 ## - NÚMERO INTERNACIONAL ESTÁNDAR DEL LIBRO | |
| Número Internacional Estándar del Libro | 9686384200 |
| 040 ## - FUENTE DE LA CATALOGACIÓN | |
| Centro catalogador/agencia de origen | DO-SdBNP |
| Centro/agencia transcriptor | GZM |
| Centro/agencia modificador | DLC |
| 082 ## - NÚMERO DE LA CLASIFICACIÓN DECIMAL DEWEY | |
| Número de clasificación | 972.86 |
| Número de documento/Ítem | M722c |
| 100 1# - ENTRADA PRINCIPAL--NOMBRE DE PERSONA | |
| Nombre de persona | Molina Jiménez, Iván. |
| 9 (RLIN) | 9065 |
| 245 13 - MENCIÓN DE TÍTULO | |
| Título | La sonora libertad del viento : |
| Resto del título | sociedad y cultura en Costa Rica y Nicaragua (1821-1914) / |
| Mención de responsabilidad, etc. | Iván Molina Jiménez, Patricia Fumero Vargas. |
| 260 ## - PUBLICACIÓN, DISTRIBUCIÓN, ETC. | |
| Lugar de publicación, distribución, etc. | México : |
| Nombre del editor, distribuidor, etc. | Instituto Panamericano de Geografía e Historia, |
| Fecha de publicación, distribución, etc. | 1997. |
| 300 ## - DESCRIPCIÓN FÍSICA | |
| Extensión | 171 p. : |
| Otras características físicas | il. ; |
| Dimensiones | 23 cm. |
| 504 ## - NOTA DE BIBLIOGRAFÍA, ETC. | |
| Nota de bibliografía, etc. | Incluye referencias bibliográficas |
| 651 #4 - PUNTO DE ACCESO ADICIONAL DE MATERIA--NOMBRE GEOGRÁFICO | |
| Nombre geográfico | Costa Rica |
| Subdivisión general | Vida Intelectual |
| Subdivisión cronológica | SIGLO XIX |
| 9 (RLIN) | 9066 |
| 651 #4 - PUNTO DE ACCESO ADICIONAL DE MATERIA--NOMBRE GEOGRÁFICO | |
| Nombre geográfico | Nicaragua |
| Subdivisión general | Vida Intelectual |
| Subdivisión cronológica | SIGLO XIX |
| 9 (RLIN) | 9067 |
| 651 #4 - PUNTO DE ACCESO ADICIONAL DE MATERIA--NOMBRE GEOGRÁFICO | |
| Nombre geográfico | Nicaragua |
| Subdivisión general | Historya |
| 9 (RLIN) | 9068 |
| 651 #4 - PUNTO DE ACCESO ADICIONAL DE MATERIA--NOMBRE GEOGRÁFICO | |
| Nombre geográfico | Costa Rica |
| Subdivisión general | Historia |
| 9 (RLIN) | 9069 |
| 650 #4 - PUNTO DE ACCESO ADICIONAL DE MATERIA--TÉRMINO DE MATERIA | |
| Término de materia o nombre geográfico como elemento de entrada | Navidades |
| Subdivisión geográfica | Costa Rica |
| -- | San José |
| Subdivisión general | Historia |
| Subdivisión cronológica | SIGLO XIX |
| 9 (RLIN) | 9070 |
| 700 1# - PUNTO DE ACCESO ADICIONAL--NOMBRE DE PERSONA | |
| Nombre de persona | Fumero Vargas, Patricia. |
| 9 (RLIN) | 9071 |
| 910 ## - DATOS DE OPCIÓN DEL USUARIO (OCLC) | |
| Datos de opción del usuario | Catalogación por copia / LC |
| Estado de retiro | Estado de pérdida | Restricciones de uso | No para préstamo | Código de colección | Localización permanente | Ubicación/localización actual | Ubicación en estantería | Fecha de adquisición | Número de inventario | Total de préstamos | Signatura topográfica completa | Código de barras | Fecha visto por última vez | Precio válido a partir de | Tipo de ítem Koha |
|---|---|---|---|---|---|---|---|---|---|---|---|---|---|---|---|
| Préstamo interno | Monografías: Libros y Folletos | General | General | En catalogación | 04.07.2009 | LF1 | 972.86 M722c | 2858-10 | 25.06.2020 | 25.06.2020 | Préstamo interno |
